Tourism Development of Northwest China

Bibliographic Details
Main Author: Paerhati Rexida
Other Authors: Kovács Dr. Miklós
Format: Thesis
Kulcsszavak:Ecotourism
Kanas Scenic Area
Business
China
Online Access:http://dolgozattar.uni-bge.hu/22571

MARC

LEADER 00000nta a2200000 i 4500
001 dolg22571
005 20190909103948.0
008 190517suuuu hu om 000 eng d
040 |a BGE Dolgozattár Repozitórium  |b hun 
041 |a en 
100 1 |a Paerhati Rexida 
245 1 0 |a Tourism Development of Northwest China  |c Paerhati Rexida  |h [elektronikus dokumentum] 
246 1 1 |a Tourism Development of Northwest China 
695 |a Ecotourism 
695 |a Kanas Scenic Area 
695 |a Business 
695 |a China 
700 1 |a Kovács Dr. Miklós  |e ths 
856 4 0 |u http://dolgozattar.uni-bge.hu/22571/1/Tourism%20Development%20of%20Northwest%20China.pdf  |z Dokumentum-elérés